[Event "Moscow op-A 17th"]
[Site "Moscow"]
[Date "2021.02.26"]
[Round "7"]
[White "Medzinovskiy, Petr"]
[Black "Shinkarev, Artem"]
[Result "1-0"]
[WhiteElo "2179"]
[BlackElo "1978"]
[PlyCount "71"]
[EventDate "2021.02.20"]
[EventType "swiss"]
[EventRounds "9"]
[EventCountry "RUS"]
[SourceTitle "CBM 200 Extra"]
[Source "ChessBase"]
[SourceDate "2021.03.31"]
[SourceVersion "1"]
[SourceVersionDate "2021.03.31"]
[SourceQuality "1"]

1. e4 e6 2. d4 d5 3. Nc3 Nf6 4. e5 Nfd7 5. Nce2 c5 6. c3 Nc6 7. f4 cxd4 8. cxd4 Be7 9. Nf3 0-0 10. Nc3 f5 11. a3 Nb6 12. Bd3 Bd7 13. 0-0 Be8 14. Be3 Bh5 15. Qe1 h6 16. h3 Rf7 17. Nh2 Nc4 18. Bxc4 dxc4 19. g4 Bg6 20. Rd1 fxg4 21. d5 exd5 22. Rxd5 Qc8 23. hxg4 Bd3 24. Rf3 h5 25. Qg3 hxg4 26. Nxg4 Kf8 27. Qh3 Ke8 28. Rg3 g6 29. Qh8+ Bf8 30. Bc5 Ne7 31. Bxe7 Kxe7 32. Qh4+ Ke6 33. Ne3 Bc5 34. Kg2 Qc6 35. f5+ Bxf5 36. Nxf5 1-0

[Event "Voronezh op-A 22nd"]
[Site "Voronezh"]
[Date "2018.06.21"]
[Round "9"]
[White "Chapurin, Alexey V"]
[Black "Medzinovskiy, Petr"]
[Result "1/2-1/2"]
[WhiteElo "2262"]
[BlackElo "2213"]
[PlyCount "121"]
[EventDate "2018.06.12"]
[EventType "swiss"]
[EventRounds "9"]
[EventCountry "RUS"]
[SourceTitle "CBM 185 Extra"]
[Source "ChessBase"]
[SourceDate "2018.07.29"]
[SourceVersion "1"]
[SourceVersionDate "2018.07.29"]
[SourceQuality "1"]

1. d4 e6 2. Bf4 c5 3. e3 d5 4. c3 Nf6 5. Nf3 Be7 6. Nbd2 Nc6 7. Ne5 Nxe5 8. dxe5 Nd7 9. Bd3 g6 10. Nf3 f6 11. Qc2 f5 12. h4 Nb6 13. g4 Qc7 14. h5 g5 15. Nxg5 Bxg5 16. Bxg5 Qxe5 17. Bf4 Qf6 18. g5 Qf7 19. Be5 Rg8 20. f4 Bd7 21. Bd6 c4 22. Be2 0-0-0 23. Be5 Bc6 24. Rg1 Nd7 25. Bd4 e5 26. fxe5 Qe6 27. 0-0-0 b6 28. Rdf1 Rdf8 29. b3 Nxe5 30. bxc4 dxc4 31. Bxe5 Qxe5 32. Bxc4 Rg7 33. Bd3 Rc7 34. Kb2 Bd7 35. g6 hxg6 36. hxg6 Kb8 37. g7 Rfc8 38. g8Q Rxc3 39. Kb1 Rxc2 40. Bxc2 Rxg8 41. Rxg8+ Kb7 42. Rd1 Be6 43. Rgg1 Qc3 44. Rg2 a5 45. Rd3 Qb4+ 46. Ka1 a4 47. a3 Qc4 48. Bb1 Ka6 49. Rb2 Qc5 50. Rb4 Bb3 51. Kb2 Qe5+ 52. Rbd4 Bc4 53. Rc3 b5 54. Bc2 Qh2 55. Rf4 Qh8 56. Bxa4 Qe5 57. Bc2 Be6 58. Rb4 Ka5 59. Rf4 Qd5 60. Rb3 Qe5+ 61. Rc3 1/2-1/2

[Event "Voronezh op-A 22nd"]
[Site "Voronezh"]
[Date "2018.06.14"]
[Round "3"]
[White "Shoboev, Dandar"]
[Black "Medzinovskiy, Petr"]
[Result "1-0"]
[WhiteElo "2091"]
[BlackElo "2213"]
[PlyCount "53"]
[EventDate "2018.06.12"]
[EventType "swiss"]
[EventRounds "9"]
[EventCountry "RUS"]
[SourceTitle "CBM 185 Extra"]
[Source "ChessBase"]
[SourceDate "2018.07.29"]
[SourceVersion "1"]
[SourceVersionDate "2018.07.29"]
[SourceQuality "1"]

1. d4 e6 2. Nf3 c5 3. c3 Nc6 4. Bf4 Qb6 5. Qd2 cxd4 6. cxd4 d5 7. Nc3 Nf6 8. e3 Ne4 9. Qc2 Bd7 10. a3 Rc8 11. Bd3 f5 12. 0-0 Be7 13. Bxe4 fxe4 14. Ne5 Nxe5 15. Bxe5 Bb5 16. Rfc1 0-0 17. Qd1 Be8 18. Nxd5 exd5 19. Rxc8 Qxb2 20. Rc2 Qb3 21. Rc7 Qxd1+ 22. Rxd1 Rf7 23. Rxb7 a5 24. Rb8 Rf8 25. Ra1 Ba4 26. Rxf8+ Kxf8 27. Bc7 1-0